Normal view
MARC view
- القلا، ابراهيم علي السيد
Entry Personal Name
001 - CONTROL NUMBER
- control field: 61874
003 - CONTROL NUMBER IDENTIFIER
- control field: JO-AjAnu
005 - DATE AND TIME OF LATEST TRANSACTION
- control field: 20230606084116.0
008 - FIXED-LENGTH DATA ELEMENTS
- fixed length control field: 230606|| aca||aabn | a|a d
040 ## - CATALOGING SOURCE
- Original cataloging agency: JO-AjAnu
- Transcribing agency: JO-AjAnu
100 ## - HEADING--PERSONAL NAME
- Personal name: القلا، ابراهيم علي السيد
670 ## - SOURCE DATA FOUND
- Source citation: Work cat.: (JO-AjAnu)31558: القلا، ابراهيم علي السيد, author, تاريخ مصر الاسلامية وجوانب من حضارتها منذ الفتح الاسلامي حتى نهاية العصر الفاطمي(20-567هـ /640-1171م)